000 00604nam a2200229Ia 4500
003 OSt
005 20220928102621.0
006 a|||||r|||| 00| 0
007 ta
008 220927b |||||||| |||| 00| 0 eng d
024 _a61428
037 _cTextual
040 _aSDCL
_cSDCL
_beng
041 _2eng
_aeng
082 _aO152,1N293:g, M1
100 _aSharma Suresh
_9399382
245 0 _aRaghuvir Sahay ka kavi karm
260 _aDelhi
_bPepuls Literacy
_c1981
300 _a170p
_ccm.
942 _hO152,1N293:g, M1
_cTEXL
_2CC
999 _c715238
_d715238